00533nam a2200193Ia 4500003000900000008004100009020001800050040001600068080001200084100002000096245005000116260004000166300001500206650003000221650001400251650002000265650002200285650003200307IN-BaIIA211028s9999 xx 000 0 eng d a81-7371-277-8 cIIA Library a53bNEW aNewbury, Nathan 0aPrinceton problems in physicscNathan Newbury aHyderabadbUniversities Pressc2000 axvi, 319p. aElectricity and magnetism aMechanics aNuclear physics aQuantum mechanics aRelativity and astrophysics